Women's rights and human rights : (Record no. 590394)
[ view plain ]
| 000 -LEADER | |
|---|---|
| fixed length control field | 01314cam a22003134a 4500 |
| 001 - CONTROL NUMBER | |
| control field | 12219196 |
| 005 - DATE AND TIME OF LATEST TRANSACTION | |
| control field | 20220812111732.0 |
| 008 - FIXED-LENGTH DATA ELEMENTS--GENERAL INFORMATION | |
| fixed length control field | 001101s2001 enk b 001 0 eng |
| 010 ## - LIBRARY OF CONGRESS CONTROL NUMBER | |
| LC control number | 00053056 |
| 020 ## - INTERNATIONAL STANDARD BOOK NUMBER | |
| International Standard Book Number | 0333801954 |
| 040 ## - CATALOGING SOURCE | |
| Original cataloging agency | DLC |
| Transcribing agency | DLC |
| Modifying agency | DLC |
| 042 ## - AUTHENTICATION CODE | |
| Authentication code | pcc |
| 050 00 - LIBRARY OF CONGRESS CALL NUMBER | |
| Classification number | HQ1236 |
| Item number | .W6529 2001 |
| 082 00 - DEWEY DECIMAL CLASSIFICATION NUMBER | |
| Classification number | 341.481 |
| Author Mark | WOM |
| 245 00 - TITLE STATEMENT | |
| Title | Women's rights and human rights : |
| Remainder of title | international historical perspectives / |
| Statement of responsibility, etc. | edited by Patricia Grimshaw, Katie Holmes, and Marilyn Lake. |
| 260 ## - PUBLICATION, DISTRIBUTION, ETC. | |
| Place of publication, distribution, etc. | Basingstoke, Hampshire [England] ; |
| -- | New York : |
| Name of publisher, distributor, etc. | Palgrave, |
| Date of publication, distribution, etc. | c2001. |
| 300 ## - PHYSICAL DESCRIPTION | |
| Extent | xxi, 318 p. ; |
| Dimensions | 23 cm. |
| 504 ## - BIBLIOGRAPHY, ETC. NOTE | |
| Bibliography, etc. note | Includes bibliographical references and index. |
| 650 #0 - SUBJECT ADDED ENTRY--TOPICAL TERM | |
| Topical term or geographic name entry element | Women's rights. |
| 9 (RLIN) | 94049 |
| 650 #0 - SUBJECT ADDED ENTRY--TOPICAL TERM | |
| Topical term or geographic name entry element | Human rights. |
| 700 1# - ADDED ENTRY--PERSONAL NAME | |
| Personal name | Grimshaw, Patricia. |
| 9 (RLIN) | 94050 |
| 700 1# - ADDED ENTRY--PERSONAL NAME | |
| Personal name | Holmes, Katie. |
| 9 (RLIN) | 94051 |
| 700 1# - ADDED ENTRY--PERSONAL NAME | |
| Personal name | Lake, Marilyn. |
| 9 (RLIN) | 94052 |
| 856 42 - ELECTRONIC LOCATION AND ACCESS | |
| Materials specified | Contributor biographical information |
| Uniform Resource Identifier | <a href="http://www.loc.gov/catdir/enhancements/fy0667/00053056-b.html">http://www.loc.gov/catdir/enhancements/fy0667/00053056-b.html</a> |
| 856 42 - ELECTRONIC LOCATION AND ACCESS | |
| Materials specified | Publisher description |
| Uniform Resource Identifier | <a href="http://www.loc.gov/catdir/enhancements/fy0667/00053056-d.html">http://www.loc.gov/catdir/enhancements/fy0667/00053056-d.html</a> |
| 906 ## - LOCAL DATA ELEMENT F, LDF (RLIN) | |
| a | 7 |
| b | cbc |
| c | orignew |
| d | 1 |
| e | ocip |
| f | 20 |
| g | y-gencatlg |
| 942 ## - ADDED ENTRY ELEMENTS (KOHA) | |
| Source of classification or shelving scheme | |
| Koha item type | Book |
| Withdrawn status | Lost status | Source of classification or shelving scheme | Damaged status | Not for loan | Permanent Location | Current Location | Date acquired | Source of acquisition | Full call number | Barcode | Date last seen | Price effective from | Koha item type |
|---|---|---|---|---|---|---|---|---|---|---|---|---|---|
| NUST Law School (NLS) | NUST Law School (NLS) | 07/20/2022 | Progressive International Agencies | 341.481 WOM | CL-1102 | 07/20/2022 | 07/20/2022 | Book |
